[Event "Østlandsserien 1997/1998, 4. div. D"]
[Site "Oslo NOR"]
[Date "1997.11.09"]
[Round "1"]
[White "Furnes, Torstein"]
[Black "Ellis, Roy"]
[Result "0-1"]
[WhiteElo "1479"]
[BlackElo "1503"]
[PlyCount "80"]
[EventDate "1997.11.09"]
[Board "1"]
[WhiteTeam "Follo 4"]
[BlackTeam "Stjernen 5"]

1. d4 Nf6 2. c4 g6 3. Nc3 Bg7 4. e4 d6 5. f4 O-O 6. Nf3 Na6 7. Be2 e5 8. fxe5
dxe5 9. d5 Qe7 10. Bg5 Qb4 11. Qd2 Nc5 12. Bxf6 Bxf6 13. h4 Rd8 14. h5 Bg4 15.
hxg6 fxg6 16. O-O-O Bxf3 17. gxf3 Rd7 18. Qh6 a5 19. Nb5 Na4 20. Rd2 c6 21. Na3
cxd5 22. cxd5 Nxb2 23. Rxb2 Qxa3 24. Kb1 Qe7 25. d6 Qxd6 26. Bc4+ Kh8 27. Qxg6
Rg7 28. Qf5 Bg5 29. Rbh2 h6 30. Rh5 Qb4+ 31. Bb3 Qd2 32. Qxe5 Rc8 33. Qb2 Qxb2+
34. Kxb2 Rg6 35. e5 Kg7 36. a4 Rb6 37. e6 Bf6+ 38. Ka2 Rc3 39. Rb1 Rxf3 40.
Rxa5 Rf2+ 0-1

[Event "Østlandsserien 1997/1998, 4. div. D"]
[Site "Oslo NOR"]
[Date "1997.12.07"]
[Round "2"]
[White "Furnes, Torstein"]
[Black "Tidemann Andersen, Leif"]
[Result "1-0"]
[WhiteElo "1479"]
[BlackElo "1450"]
[PlyCount "53"]
[EventDate "1997.11.09"]
[Board "1"]
[WhiteTeam "Follo 4"]
[BlackTeam "Caissa"]

1. d4 d5 2. c4 dxc4 3. e4 e5 4. Nf3 Bg4 5. Qa4+ Qd7 6. Qxd7+ Nxd7 7. Nxe5 Nxe5
8. dxe5 O-O-O 9. Nd2 b5 10. a4 a6 11. axb5 axb5 12. h3 Be6 13. f4 Kb8 14. g4
Bc5 15. Ra5 c6 16. f5 Bc8 17. Ke2 Ne7 18. Nf3 h6 19. Bf4 Kb7 20. Bg2 Bb6 21.
Ra2 f6 22. e6 g6 23. Rha1 gxf5 24. exf5 Nd5 25. Bg3 Ne3 26. Ra8 Nxg2 27. Rb8#
1-0

[Event "Østlandsserien 1997/1998, 4. div. D"]
[Site "Follo, Akershus NOR"]
[Date "1998.01.18"]
[Round "3"]
[White "Stokstad, Petter"]
[Black "Furnes, Torstein"]
[Result "1-0"]
[WhiteElo "2086"]
[BlackElo "1479"]
[PlyCount "115"]
[EventDate "1997.11.09"]
[Board "1"]
[WhiteTeam "Nordstrand 4"]
[BlackTeam "Follo 4"]

1. d4 d5 2. c4 e6 3. Nf3 Nf6 4. g3 Be7 5. Bg2 O-O 6. O-O dxc4 7. Ne5 c5 8. dxc5
Bxc5 9. Nxc4 Qc7 10. b3 Rd8 11. Qc2 Bd4 12. Bb2 Nc6 13. Nc3 a6 14. Rac1 b5 15.
Nd2 Bb7 16. Nce4 Rac8 17. Bxd4 Rxd4 18. Nxf6+ gxf6 19. Qb2 e5 20. Ne4 Qe7 21.
e3 Rdd8 22. Nc5 Na5 23. b4 Bxg2 24. Kxg2 Nc4 25. Qc3 Rd2 26. a4 Rcd8 27. Kg1
Qa7 28. Rc2 Qa8 29. e4 Qc6 30. Rxd2 Rxd2 31. f3 f5 32. exf5 Qh6 33. h4 Qg7 34.
Ne4 Ra2 35. Rd1 h6 36. Rd8+ Kh7 37. axb5 axb5 38. f6 Qg6 39. Qd3 Ra1+ 40. Kg2
Ra2+ 41. Kh3 Ra3 42. Qe2 Qf5+ 43. Kg2 Rb3 44. g4 Qf4 45. Nf2 Rxf3 46. Qc2+ e4
47. Qxe4+ Qxe4 48. Nxe4 Rf4 49. Nf2 Ne3+ 50. Kg3 Rxb4 51. h5 Rb1 52. Rf8 b4 53.
Rxf7+ Kg8 54. Rb7 b3 55. Nd3 Nc4 56. f7+ Kg7 57. Nf4 Rf1 58. Ne6+ 1-0

[Event "Østlandsserien 1997/1998, 4. div. D"]
[Site "Fredrikstad, Østfold NOR"]
[Date "1998.02.15"]
[Round "4"]
[White "Furnes, Torstein"]
[Black "Olsen, Svein"]
[Result "0-1"]
[WhiteElo "1483"]
[BlackElo "1587"]
[PlyCount "82"]
[EventDate "1997.11.09"]
[Board "1"]
[WhiteTeam "Follo 4"]
[BlackTeam "Fredriksstad 3"]

1. d4 g6 2. c4 Bg7 3. Nc3 Nf6 4. e4 d6 5. f4 e6 6. Nf3 O-O 7. Be2 Nbd7 8. O-O
Ne8 9. Be3 b6 10. Qd2 f5 11. e5 dxe5 12. dxe5 Qe7 13. Rfd1 a5 14. Nd4 Nb8 15.
Bf3 Ra6 16. Nc6 Nxc6 17. Bxc6 Bh6 18. Nb5 Ng7 19. Qd4 g5 20. fxg5 Bxg5 21. Bxg5
Qxg5 22. Nxc7 f4 23. Nxa6 Bxa6 24. Bf3 Nf5 25. Qxb6 Bxc4 26. Qxa5 Nh4 27. Qc3
Be2 28. Kh1 Bxf3 29. Rd2 Bxg2+ 30. Kg1 Kh8 31. Kf2 Nf3 32. Rd3 Nxh2 33. Rg1 f3
34. Qc5 Qh4+ 35. Ke3 Qf4+ 36. Kf2 Ng4+ 37. Ke1 f2+ 38. Kd1 fxg1=Q+ 39. Qxg1
Qf1+ 40. Qxf1 Rxf1+ 41. Kc2 Be4 0-1

[Event "Østlandsserien 1997/1998, 4. div. D"]
[Site "Follo, Akershus NOR"]
[Date "1998.03.15"]
[Round "5"]
[White "Stene, Sigurd"]
[Black "Furnes, Torstein"]
[Result "1/2-1/2"]
[WhiteElo "1442"]
[BlackElo "1483"]
[PlyCount "152"]
[EventDate "1997.11.09"]
[Board "1"]
[WhiteTeam "Moss 3"]
[BlackTeam "Follo 4"]

1. d4 d5 2. e4 dxe4 3. Nc3 Nf6 4. f3 exf3 5. Nxf3 Bg4 6. Bc4 e6 7. O-O Bb4 8.
a3 Bxc3 9. bxc3 O-O 10. Bg5 Nbd7 11. Bd3 h6 12. Bd2 c5 13. Qe1 Qc7 14. h3 Bxf3
15. Rxf3 c4 16. Bf1 Nd5 17. Qh4 N7f6 18. Rg3 Ne4 19. Rxg7+ Kxg7 20. Bxh6+ Kg6
21. Bxf8 Rxf8 22. Qxe4+ Kg7 23. Qg4+ Kh7 24. Qh5+ Kg7 25. Re1 Rh8 26. Qg4+ Kf8
27. Re5 Rg8 28. Qf3 Qc6 29. Rh5 b5 30. g4 Qa6 31. Qg3 f5 32. Qb8+ Kf7 33. Rh7+
Rg7 34. Rh8 Qxa3 35. Qe8+ Kf6 36. Rh6+ Kg5 37. Qh5+ Kf4 38. Rxe6 Rg5 39. Qh4
Qxc3 40. Re2 Qg3+ 41. Qxg3+ Kxg3 42. Re5 Nf4 43. Rxf5 Rxf5 44. gxf5 Nd5 45. Bg2
Nf6 46. d5 Kf4 47. d6 Kxf5 48. Bc6 Ke6 49. Bxb5 c3 50. d7 Nxd7 51. Bxd7+ Kxd7
52. Kf2 Kc6 53. Ke3 Kc5 54. h4 a5 55. Kd3 Kb4 56. h5 a4 57. h6 a3 58. h7 a2 59.
h8=Q a1=Q 60. Qd4+ Kb5 61. Qc4+ Kb6 62. Qb3+ Kc6 63. Qc4+ Kb6 64. Qb4+ Kc6 65.
Qxc3+ Qxc3+ 66. Kxc3 Kc5 67. Kd3 Kd5 68. c4+ Kc6 69. Kd4 Kd6 70. c5+ Kc7 71.
Kd5 Kd7 72. c6+ Kc8 73. Kd6 Kd8 74. Kc5 Kc7 75. Kb5 Kc8 76. Kb6 Kb8 1/2-1/2

[Event "Østlandsserien 1996/1997, 3. div. C"]
[Site "Oslo NOR"]
[Date "1996.11.10"]
[Round "1"]
[White "Furnes, Torstein"]
[Black "Naustdalslid, Magnar"]
[Result "0-1"]
[WhiteElo "1468"]
[BlackElo "1690"]
[PlyCount "116"]
[EventDate "1996.11.10"]
[Board "3"]
[WhiteTeam "Follo 3"]
[BlackTeam "Akademisk 2"]

1. d4 d5 2. c4 e6 3. Nc3 Be7 4. Nf3 Nf6 5. Bf4 c6 6. e3 Nbd7 7. Bd3 dxc4 8.
Bxc4 Nd5 9. Bg3 O-O 10. O-O N7f6 11. Re1 Nxc3 12. bxc3 Ne4 13. Qc2 Nxg3 14.
hxg3 c5 15. Bd3 h6 16. Ne5 Qc7 17. f4 Bd7 18. Kf2 Be8 19. Rh1 f5 20. Bc4 Rf6
21. Qb3 Qb6 22. Qxb6 axb6 23. Rhb1 cxd4 24. cxd4 Bd8 25. g4 fxg4 26. Nxg4 Rg6
27. Ne5 Rf6 28. g4 Kf8 29. Kg3 Ke7 30. d5 exd5 31. Bxd5 Bc6 32. Rd1 Rc8 33. Rd4
b5 34. Rad1 Bb6 35. Nxc6+ bxc6 36. Re4+ Kf8 37. Bb3 Re8 38. Kf3 c5 39. a4 Rxe4
40. Kxe4 c4 41. a5 Bxa5 42. Ra1 Bb6 43. Bc2 Ke7 44. f5 Kd6 45. Ra8 Rf7 46. Kf4
Re7 47. e4 Bd4 48. Rc8 Kd7 49. Ra8 Kc6 50. Rc8+ Kb6 51. g5 hxg5+ 52. Kxg5 Ka5
53. Kf4 Kb4 54. Rd8 Kc3 55. Bd1 b4 56. Rc8 b3 57. Be2 Be5+ 58. Kf3 Bc7 0-1

[Event "Østlandsserien 1996/1997, 3. div. C"]
[Site "Follo, Akershus NOR"]
[Date "1996.12.08"]
[Round "2"]
[White "Hagen, Lars Erik"]
[Black "Furnes, Torstein"]
[Result "1-0"]
[WhiteElo "1685"]
[BlackElo "1468"]
[PlyCount "53"]
[EventDate "1996.11.10"]
[Board "3"]
[WhiteTeam "SK 1911 2"]
[BlackTeam "Follo 3"]

1. e4 c5 2. f4 Nc6 3. Nf3 d6 4. b3 Bg4 5. Be2 Nf6 6. Nc3 e6 7. O-O Be7 8. d3
O-O 9. Bb2 d5 10. Nd2 Bxe2 11. Nxe2 Qb6 12. Ng3 Rad8 13. Qe2 Nd4 14. Bxd4 cxd4
15. e5 Nd7 16. Rf3 Rc8 17. Ndf1 Rc6 18. a4 Rfc8 19. Ra2 Qc7 20. Rf2 Nb8 21. Qg4
Na6 22. Nh5 Bf8 23. Rf3 g6 24. Nf6+ Kh8 25. Rh3 h6 26. Qg5 h5 27. Rxh5+ 1-0

[Event "Østlandsserien 1996/1997, 3. div. C"]
[Site "Moss, Østfold NOR"]
[Date "1997.01.18"]
[Round "3"]
[White "Furnes, Torstein"]
[Black "Spillum, Jahn"]
[Result "1/2-1/2"]
[WhiteElo "1468"]
[BlackElo "1837"]
[PlyCount "66"]
[EventDate "1996.11.10"]
[Board "3"]
[WhiteTeam "Follo 3"]
[BlackTeam "Moss 1"]

1. d4 e6 2. c4 f5 3. Nc3 Nf6 4. Bg5 Be7 5. Nf3 d5 6. e3 c6 7. Ne5 O-O 8. h4
Nbd7 9. Bf4 Ne4 10. h5 Nxc3 11. bxc3 Nxe5 12. Bxe5 Bf6 13. f4 Bxe5 14. fxe5 Qg5
15. Qf3 f4 16. e4 dxe4 17. Qxe4 Qg3+ 18. Kd2 f3 19. gxf3 Rxf3 20. Be2 Qg5+ 21.
Kc2 Re3 22. Qg4 Rg3 23. Qxg5 Rxg5 24. Raf1 Bd7 25. Rf2 Rf8 26. Rxf8+ Kxf8 27.
a4 c5 28. a5 Bc6 29. Rf1+ Ke7 30. Kd2 Rg3 31. Bd3 g6 32. hxg6 hxg6 33. Rf6 g5
1/2-1/2

[Event "Østlandsserien 1996/1997, 3. div. C"]
[Site "Frogn, Akershus NOR"]
[Date "1997.01.19"]
[Round "4"]
[White "Vigdal, Ole Johnny"]
[Black "Lea, Per"]
[Result "0-1"]
[WhiteElo "1552"]
[BlackElo "1704"]
[Annotator "Lea, Per"]
[PlyCount "52"]
[EventDate "1996.11.10"]
[Board "1"]
[WhiteTeam "Fredrikstad 3"]
[BlackTeam "Follo 3"]

1. d4 d5 2. c4 e5 3. dxe5 d4 4. Nf3 Nc6 5. a3 Bg4 6. Bf4 Nge7 7. Nbd2 Ng6 8.
Bg3 Qe7 9. Qc2 O-O-O 10. Qe4 Qd7 11. Qc2 Re8 12. Rd1 d3 $2 {Et typisk Lea-trekk
vil noen si: et forsøk på å grise til stillingen, men hvis motstanderen finner
det beste forsvaret, er ser alle at det er en bløff...} 13. Qxd3 ({Etter} 13.
Qc3 {har hvit ingen problemer}) 13... Qxd3 14. exd3 Ngxe5 15. Be2 $2 (15. Bxe5
Nxe5 16. Nxe5 Rxe5+ 17. Ne4 Bxd1 18. Kxd1 {
er ikke spesielt fristende,men allikevel bedre enn teksttrekket}) 15... Nxd3+
16. Kf1 Nxb2 17. Rb1 Bxa3 18. Ra1 Bb4 19. Nb3 Re7 20. Nfd4 Bxe2+ 21. Nxe2 Rhe8
22. Nbc1 Bd2 (22... Nd4 {er enda sterkere på grunn av svekkelsen på 1. raden})
23. f3 Nxc4 24. Kf2 Be3+ 25. Ke1 Nd4 26. Nxd4 Bxd4+ {
Det ligger noen lærepenger om å rokere kongen i skkerhet her...} 0-1

[Event "Østlandsserien 1996/1997, 3. div. C"]
[Site "Fredrikstad, Østfold NOR"]
[Date "1997.02.16"]
[Round "5"]
[White "Lea, Per"]
[Black "Bjørnland, Svein"]
[Result "0-1"]
[WhiteElo "1704"]
[BlackElo "1992"]
[Annotator "Lea, Per"]
[PlyCount "80"]
[EventDate "1996.11.10"]
[Board "1"]
[WhiteTeam "Follo 3"]
[BlackTeam "Fredriksstad 1"]

1. e4 Nf6 2. Nc3 d5 3. e5 Ne4 4. Nxe4 dxe4 5. d4 exd3 6. Qxd3 Qxd3 7. Bxd3 Nd7
8. Bf4 e6 9. Nf3 Nc5 10. Be2 Bd7 11. O-O-O Be7 12. Nd4 O-O-O 13. Bf3 Kb8 14.
Rhe1 Na4 15. c4 a6 16. Re3 c5 17. Nc2 g5 18. Bg3 b5 19. Red3 Kc7 20. Ne3 Bc6
21. Nd5+ ({
Ikke så dårlig som det ser ut, men hvit skulle ha byttet tårn på d8 først:} 21.
Rxd8 Rxd8 22. Nd5+ exd5 23. cxd5 Bb7 24. d6+ {og hvit står best, selv om det
slett ikke er sikkert at det vill holdt helt inn: ratingforskjellen er jo
tross alt nesten 300 i svarts favør}) 21... exd5 22. cxd5 c4 23. Rd4 Bc5 24.
Rg4 ({Etter} 24. e6+ {kan hvit fortsatt kjempe}) 24... Be8 25. Rxg5 c3 26. bxc3
({I ettertid ser} 26. b3 {langt bedre ut.} Nb2 27. d6+ Kb6 28. Rd5 Bd7 (28...
Bc6 29. Kc2 Bxd5 30. Bxd5 b4 31. Bxf7 {
og det ser ut til at hvit har motspill selv med tårn under}) 29. Kc2 Rc8 30.
Bh4 Be6 31. Rh5 b4 (31... Bxd5 32. Bxd5 {og igjen er det motsjanser for hvit})
32. d7 {og Critter 1.6 påstår at stillingen er remis...}) 26... Kb6 27. Rd3 f6
28. Rg7 fxe5 29. Bxe5 Bd6 30. Bd4+ Nc5 31. Rd1 $2 {For passivt} ({
Hvit skulle prøve å holde aktiviteten med} 31. Re3) 31... Bg6 32. Rxg6 $2 hxg6
33. Bxh8 Rxh8 34. h3 Nd7 35. Kb2 Rc8 36. Rd3 $2 (36. Bg4) (36. Re1 {er begge be
dre alternativer, men svart står allikevel best. Selv det materielt er likt
med springer mot 3 bønder, får hvit problemer med å beholde bøndene.}) 36...
Nc5 37. Re3 Bf4 38. Re7 Na4+ 39. Kb1 Nxc3+ 40. Kb2 $2 Na4+ {
med matt i 2 trekk...} 0-1

[Event "Østlandsserien 1996/1997, 3. div. C"]
[Site "Fredrikstad, Østfold NOR"]
[Date "1997.02.16"]
[Round "5"]
[White "Ludvigsen, Jan"]
[Black "Furnes, Torstein"]
[Result "1/2-1/2"]
[WhiteElo "1615"]
[BlackElo "1468"]
[PlyCount "84"]
[EventDate "1996.11.10"]
[Board "4"]
[WhiteTeam "Fredriksstad 1"]
[BlackTeam "Follo 3"]

1. e4 c5 2. Nf3 Nc6 3. d4 cxd4 4. Nxd4 d6 5. Nc3 Nf6 6. Bg5 Qb6 7. Nb3 a5 8. a4
e6 9. Qd2 Be7 10. f3 O-O 11. Nb5 d5 12. Be3 Qd8 13. O-O-O dxe4 14. Qf2 Bd7 15.
Bb6 Qc8 16. f4 Nb4 17. Kb1 Nfd5 18. Na7 Rxa7 19. Bxa7 e3 20. Qe2 Nxf4 21. Qc4
Bxa4 22. Nd4 Qxc4 23. Bxc4 Rc8 24. b3 Bc6 25. Nxc6 Rxc6 26. g3 Nfd5 27. Bd4
Nxc2 28. Kxc2 b5 29. Kd3 bxc4+ 30. bxc4 Nb4+ 31. Ke2 Rxc4 32. Bxe3 a4 33. Rc1
Rc2+ 34. Kf3 h6 35. Ra1 Ra2 36. Rxa2 Nxa2 37. Ra1 Nc3 38. Bd4 Bb4 39. Bxc3 Bxc3
40. Rxa4 Kf8 41. Ra7 g6 42. Rb7 Kg7 1/2-1/2

[Event "Østlandsserien 1996/1997, 3. div. C"]
[Site "Ås, Akershus NOR"]
[Date "1997.03.08"]
[Round "6"]
[White "Sæther, Steinar"]
[Black "Lea, Per"]
[Result "1/2-1/2"]
[WhiteElo "1606"]
[BlackElo "1704"]
[Annotator "Lea, Per"]
[PlyCount "78"]
[EventDate "1996.11.10"]
[Board "1"]
[WhiteTeam "Fredrikstad 3"]
[BlackTeam "Follo 3"]

1. e4 e5 2. Nf3 Nc6 3. d4 exd4 4. Nxd4 Bc5 5. Nb3 Bb6 6. a4 a5 7. Nc3 Qf6 8.
Qe2 Nge7 9. Be3 Bxe3 10. Qxe3 Nb4 11. Bd3 Nxd3+ 12. cxd3 O-O 13. O-O c6 14. f4
d5 15. f5 Re8 16. Qg3 dxe4 {Starten på de største problemen problemene for
svart. Til min unnskyldning skal sies at det heller ikke i ettertid er lett å
finne noen fornuftig spilleplan for svart. Dvs.: i teorien er det lett: svart
må finne bedre plasseringer til løperen, springeren og a8. Men hvor? Og
hvordan?} 17. dxe4 c5 18. Nxc5 Qb6 19. Qf2 f6 20. Rad1 Rd8 21. Rxd8+ Qxd8 22.
Rd1 Qe8 23. Rd6 Nc6 24. Qd2 Kf8 $2 25. Nb5 $1 Qe5 26. Rd5 {
Heller ikke hvit er ufeilbarlig} ({Både} 26. Rxc6 bxc6 27. Qd8+ Qe8 28. Qxe8+
Kxe8 29. Nc7+) ({og} 26. Rd8+ Nxd8 27. Qxd8+ {
vinner (går inn i samme variant etter trekkomkastning)}) 26... Qe7 27. Nc3 b6
28. Nd7+ Bxd7 29. Rxd7 Qc5+ 30. Kh1 {
Hvit er plutselig i ferd med å invitere svart inn i partiet igjen!} Ne5 31.
Rd8+ Rxd8 32. Qxd8+ Kf7 33. Qd5+ Qxd5 34. Nxd5 Nd3 35. Kg1 Nxb2 36. Nxb6 Ke7
37. Kf2 {Nå er det plustelig svart som har hånden på rattet, men det glipper!}
Nd3+ $4 {Gir seieren tilbake til hvit, som ikke kjenner sin besøkelsestid og
er fornøyd med remis} (37... Kd6 $1 38. Ke2 Kc5 39. Nd7+ Kd4 $1 {
Bedre enn å bli stående med en fribonde i a-linja.}) 38. Ke3 Ne1 39. Kf2 Nd3+
1/2-1/2

[Event "Østlandsserien 1996/1997, 3. div. C"]
[Site "Follo, Akershus NOR"]
[Date "1997.03.08"]
[Round "6"]
[White "Stabbetorp, Ole Martin"]
[Black "Furnes, Torstein"]
[Result "1-0"]
[WhiteElo "1340"]
[BlackElo "1468"]
[PlyCount "75"]
[EventDate "1996.11.10"]
[Board "3"]
[WhiteTeam "Fredriksstad 3"]
[BlackTeam "Follo 3"]

1. e4 c5 2. Nf3 Nc6 3. c3 d5 4. Bb5 e6 5. exd5 exd5 6. Bxc6+ bxc6 7. O-O Nf6 8.
d4 cxd4 9. Nxd4 Bd7 10. Re1+ Be7 11. Qe2 c5 12. Nb5 Be6 13. Bf4 O-O 14. Nc7 Rc8
15. Nxe6 fxe6 16. Qxe6+ Rf7 17. Nd2 d4 18. Nf3 Qd7 19. Ng5 Qxe6 20. Rxe6 Nd5
21. Nxf7 Kxf7 22. Rae1 d3 23. c4 Nxf4 24. Rxe7+ Kf6 25. Rd7 Rb8 26. b3 a5 27.
g3 Ne2+ 28. Kf1 Nd4 29. Rd1 a4 30. Rxd3 axb3 31. axb3 Nxb3 32. R3d6+ Ke5 33.
f4+ Ke4 34. Rxg7 Rb4 35. Kf2 Rxc4 36. Re7+ Kf5 37. Re5+ Kg4 38. Rg5+ 1-0

[Event "Østlandsserien 1996/1997, 3. div. C"]
[Site "Oslo NOR"]
[Date "1997.03.09"]
[Round "7"]
[White "Furnes, Torstein"]
[Black "Wicklund-Hansen, Richard"]
[Result "1-0"]
[WhiteElo "1468"]
[BlackElo "1604"]
[PlyCount "59"]
[EventDate "1996.11.10"]
[Board "3"]
[WhiteTeam "Follo 3"]
[BlackTeam "OSS 4"]

1. d4 Nf6 2. c4 g6 3. Nc3 d5 4. cxd5 Nxd5 5. e4 Nxc3 6. bxc3 Bg7 7. Nf3 c5 8.
Be3 O-O 9. Be2 Nc6 10. O-O cxd4 11. cxd4 b6 12. Rc1 Bb7 13. Qd2 e6 14. d5 exd5
15. exd5 Ne5 16. Rfd1 Nxf3+ 17. Bxf3 Be5 18. Bf4 Bd6 19. Rc4 b5 20. Rd4 a5 21.
Bxd6 Qxd6 22. Qh6 f5 23. h4 Qf6 24. Qf4 Rf7 25. d6 Bxf3 26. Qxf3 Rd8 27. d7 Re7
28. Qd5+ Qf7 29. Qxb5 Qxa2 30. Qb6 1-0

[Event "Østlandsserien 1981/1982, 3. div. B"]
[Site "Ås, Akershus NOR"]
[Date "1981.11.03"]
[Round "1"]
[White "Johansen, Øyvind"]
[Black "Wolden, Knut"]
[Result "1-0"]
[WhiteElo "1593"]
[BlackElo "1138"]
[PlyCount "67"]
[EventDate "1981.11.03"]
[WhiteTeam "Sarpsborg 2"]
[BlackTeam "Ås"]

1. c4 c5 2. Nc3 Nf6 3. g3 g6 4. Bg2 Bg7 5. Nf3 e6 6. O-O d5 7. cxd5 exd5 8. d4
c4 9. Bf4 Nc6 10. Nb5 O-O 11. Nc7 Bd7 12. Nxa8 Qxa8 13. Qc1 b5 14. Bh6 Ng4 15.
Bxg7 Kxg7 16. Qd2 Bf5 17. Ne5 Ncxe5 18. dxe5 Be4 19. f3 Nxe5 20. fxe4 a5 21.
exd5 Qa7+ 22. Kh1 Ng4 23. Qf4 Ne3 24. Rf3 Nxg2 25. Kxg2 a4 26. Rd1 a3 27. Rxa3
Qc5 28. Qd4+ Qxd4 29. Rxd4 b4 30. Ra4 c3 31. Raxb4 Rc8 32. bxc3 Rxc3 33. Rbc4
Ra3 34. d6 1-0

[Event "Østlandsserien 1981/1982, 3. div. B"]
[Site "Ås, Akershus NOR"]
[Date "1982.01.12"]
[Round "3"]
[White "Arntsen, Ole Einar"]
[Black "Stensland, Martin"]
[Result "0-1"]
[WhiteElo "1448"]
[BlackElo "1089"]
[PlyCount "66"]
[EventDate "1981.11.03"]
[WhiteTeam "ASKO"]
[BlackTeam "Ås"]

1. e4 e6 2. d4 d5 3. Nc3 Nf6 4. Bg5 Be7 5. e5 Nfd7 6. h4 c5 7. Bxe7 Qxe7 8. Nb5
O-O 9. f4 cxd4 10. Nd6 Nc6 11. Bd3 f6 12. Qh5 g6 13. Bxg6 hxg6 14. Qxg6+ Qg7
15. Qxg7+ Kxg7 16. exf6+ Kxf6 17. Ne2 a6 18. O-O-O Ke7 19. Nxc8+ Raxc8 20. g4
Nb4 21. Nxd4 Rxf4 22. g5 Rg4 23. Rhe1 Nf8 24. a3 Nc6 25. Nf3 Rg3 26. Rd3 Ng6
27. h5 Nf4 28. Rb3 Na5 29. Rxe6+ Kxe6 30. Nd4+ Ke5 31. Nf3+ Kf5 32. Nd4+ Kg4
33. Rxg3+ Kxg3 {Tid} 0-1

[Event "Østlandsserien 1981/1982, 3. div. B"]
[Site "Eidsvoll, Akershus NOR"]
[Date "1982.02.14"]
[Round "4"]
[White "Harris, Ralph"]
[Black "Lea, Per"]
[Result "0-1"]
[WhiteElo "1760"]
[BlackElo "1701"]
[PlyCount "130"]
[EventDate "1981.11.03"]
[WhiteTeam "Eidsvoll"]
[BlackTeam "Ås"]

1. e4 e5 2. Nf3 Nc6 3. Bb5 a6 4. Bxc6 dxc6 5. O-O Bg4 6. Re1 Bd6 7. d4 exd4 8.
Qxd4 Bxf3 9. Qxg7 Qh4 10. e5 Bc5 11. Be3 Bxe3 12. Rxe3 Qg4 13. Qxg4 Bxg4 14.
Nc3 O-O-O 15. Ne4 Rd1+ 16. Rxd1 Bxd1 17. c3 h6 18. Rg3 Bc2 19. Nd2 Ne7 20. f4
Ng6 21. Rf3 Rd8 22. Nf1 Be4 23. Rf2 Rd1 24. g3 Bd3 25. h4 Rxf1+ 26. Rxf1 Bxf1
27. Kxf1 Kd7 28. Ke2 Ke6 29. Kf3 h5 30. Ke4 f5+ 31. Kd4 b6 32. c4 c5+ 33. Kd3
Ne7 34. b3 Nc6 35. Kd2 Nd4 36. Ke3 c6 37. Kd2 b5 38. Kd3 a5 39. Kd2 Ke7 40. Kd3
Ke6 41. Kd2 a4 42. bxa4 bxc4 $2 (42... b4 43. a5 Kd7 $19) 43. a5 Nb5 44. a6 Kd7
45. a4 Nc7 46. a7 Kc8 47. Kc3 Kb7 48. a8=Q+ Kxa8 49. Kxc4 Ne6 50. Kd3 Kb7 51.
Ke3 c4 52. g4 hxg4 (52... fxg4 $1 53. f5 g3 54. fxe6 Kc7 55. a5 g2 56. Kf2 c3
57. e7 g1=Q+ 58. Kxg1 Kd7 59. e8=Q+ Kxe8 60. a6 c2 61. Kf2 c1=Q 62. a7 Qc5+ {
0-1}) 53. h5 Nxf4 54. h6 Ng6 55. e6 c3 56. h7 c2 57. Kd2 g3 $2 (57... Kc7 58.
a5 g3 59. Kxc2 g2 60. e7 Kd7 {0-1}) 58. e7 c1=Q+ 59. Kxc1 g2 60. e8=Q g1=Q+ 61.
Kd2 Qh2+ 62. Kc3 Qxh7 63. Qe6 Qh3+ 64. Kc4 Qd3+ $1 65. Kb4 (65. Kxd3 Nf4+)
65... Qe4+ 0-1

[Event "Østlandsserien 3C"]
[Site "Askim"]
[Date "1983.02.12"]
[Round "3"]
[Board "1"]
[White "Lilleng, Lloyd"]
[Black "Lea, Per"]
[WhiteElo "1926"]
[BlackElo "1770"]
[WhiteTeam "Indre Østfold S.S."]
[BlackTeam "Ås"]
[PlyCount "101"]
[EventDate "1982.12.11"]
[Result "0-1"]
1.e4 e5 2.Nf3 Nc6 3.b3 Bc5 4.Bb2 d6 5.Be2 f5 6.exf5 Bxf5 7.d4 exd4 8.Nxd4 Nxd4
9.Bxd4 Bxd4 10.Qxd4 Qf6 11.Qxf6 Nxf6 12.Nd2 o-o 13.o-o Rae8 14.Bf3 c6 
15.Rac1 Ne4 16.Bxe4 Bxe4 17.Rfe1 Bd5 18.f3 Kf7 19.c4 Be6 20.Ne4 Ke7 21.Rcd1 Rd8
22.Ng5 Rf6 23.Rd2 h6 24.Ne4 Rg6 25.h4 h5 26.Ng5 Kd7 27.Rde2 Re8 28.f4 Rf6
29.f5 Bf7 30.Rxe8 Bxe8 31.Ne6 Rxf5 32.Nxg7 Re5 33.Rxe5 dxe5 34.Kf2 Bg6
35.Kf3 Ke7 36.g4 hxg4+ 37.Kxg4 Kf6 38.h5 Kxg7 39.hxg6 Kxg6 40.b4 Kf6 41.a4 Ke6
42.Kf3 Kf5 43.b5 c5 44.a5 b6 45.a6 e4+ 46.Ke2 Kf4 47.Kf2 e3+ 48.Ke1 Ke4
49.Ke2 Kd4 50.Ke1 Kxc4 51.Ke2 0-1

[Event "Østlandsserien 3C"]
[Site "Ås"]
[Date "1983.03.08"]
[Round "5.1"]
[White "Lea, Per"]
[Black "Rustad, Øistein"]
[Result "1-0"]
[WhiteElo "1770"]
[BlackElo "1687"]
[Annotator "Lea, Per"]
[PlyCount "39"]
[EventDate "1982.12.11"]
[WhiteTeam "Ås"]
[BlackTeam "Halden"]

1. e4 e6 2. d4 d5 3. Nc3 Bb4 4. e5 c5 5. a3 Bxc3+ 6. bxc3 Ne7 7. Qg4 Qc7 8.
Qxg7 Rg8 9. Qxh7 cxd4 10. Ne2 Nbc6 11. f4 Bd7 12. Qd3 dxc3 13. Nxc3 a6 14. g3
Nf5 15. Bg2 Rc8 16. Bd2 Na5 $2 (16... Ncd4 17. Rb1 b5 $14) 17. Bxd5 $1 Rd8 $2 (
17... exd5 18. Nxd5 Qxc2 19. Nf6+ Kf8 20. Qxd7 Nb3 21. Ra2 Qc6 22. Qxc6 Rxc6
23. Nxg8 Kxg8 24. Kf2 $18) (17... Rg6 18. Bf3 {med løperpar og 2 sunne
merbønder til hvit}) 18. Ne4 Rg7 $4 (18... exd5 19. Nf6+ Kf8 20. g4 (20. Nxg8
Kxg8 21. g4 $11) 20... Nc4 (20... Nh4 $4 21. Bb4+ Kg7 22. Qh7#) 21. Bb4+ Kg7
22. gxf5 $18) 19. Nf6+ Kf8 20. Qxf5 {Svart ga opp fordi å slå dronninga fører
rett til matt - i alle andre varianter blir svart liggende offiser og 2 bønder
under} 1-0

[Event "Østlandsserien 3A"]
[Site "H-281, Husdyrinstituttet, NLH"]
[Date "1983.11.29"]
[Round "2"]
[Board "1"]
[White "Lea, Per"]
[Black "Szalai, Janos"]
[WhiteElo "1791"]
[BlackElo "1924"]
[WhiteTeam "Ås"]
[BlackTeam "ASKO"]
[PlyCount "99"]
[EventDate "1983.11.15"]
[Result "1/2-1/2"]
1.e4 e5 2.Nf3 Nc6 3.Bb5 Nf6 4.O-O Nxe4 5.Re1 Nd6 6.Nxe5 Nxe5 7.Rxe5+
Be7 8.Ba4 O-O 9.d4 Bf6 10.Re1 b5 11.Bb3 Bb7 12.c3 Bg5 13.Re5 Bf6 14.
Re1 Re8 15.Bf4 Rxe1+ 16.Qxe1 Nc4 17.Qc1 d6 18.Nd2 Nb6 19.Qf1 Qd7 20.
Re1 Qf5 21.Qe2 Kf8 22.Bg3 Bc6 23.Nf1 Re8 24.Qc2 Qxc2 25.Rxe8+ Kxe8 26.
Bxc2 Na4 27.Bxa4 bxa4 28.Ne3 Bg5 29.f4 Be7 30.Nf5 Bf8 31.Bf2 Bd5 32.
a3 Kd7 33.Ne3 Bb3 34.Kf1 d5 35.Ke2 c5 36.Kd2 cxd4 37.cxd4 Bd6 38.g3
Kc6 39.Nf5 Bf8 40.Ne3 g6 41.Kc3 Bg7 42.Nc2 Bxc2 43.Kxc2 Kb5 44.Kc3
Bf8 45.Kd3 Bd6 46.Be3 Kc6 47.Bd2 Kb5 48.Kc3 Be7 49.Kd3 h5 50.h4
1/2-1/2